Uso potencial de guadua aculeata, guadua angustifolia y bambusa vulgaris para celulosa y papel. Informe presentado al Proyecto Nacional de Bambú
Kaydedildi:
| Yazar: | |
|---|---|
| Diğer Yazarlar: | |
| Materyal Türü: | Kitap |
| Baskı/Yayın Bilgisi: |
[San José, Costa Rica]: Universidad de Costa Rica. Facultad de Ingeniería. Instituto de Investigaciones en Ingeniería. Laboratorio de Productos Forestales
1996
|
| Etiketler: |
Etiketle
Etiket eklenmemiş, İlk siz ekleyin!
|
MARC
| LEADER | 00000nam a2200000Ia 4500 | ||
|---|---|---|---|
| 003 | PI0070 | ||
| 005 | 20231030144353.0 | ||
| 008 | 140116s1996 cr a m 000 ||s d | ||
| 040 | |c cru CEDI | ||
| 090 | |a PI 70 | ||
| 100 | |a Gutiérrez Herrera, José Raúl, 1964- |9 1736 | ||
| 245 | |a Uso potencial de guadua aculeata, guadua angustifolia y bambusa vulgaris para celulosa y papel. Informe presentado al Proyecto Nacional de Bambú | ||
| 260 | |a [San José, Costa Rica]: Universidad de Costa Rica. Facultad de Ingeniería. Instituto de Investigaciones en Ingeniería. Laboratorio de Productos Forestales |c 1996 | ||
| 300 | |a 67 hojas :ilustraciones | ||
| 700 | |a Blanco Rojas, María Lorena, 1959-2011 |9 1709 | ||
| 942 | |c PI |h PI-70 |i PI0070 |6 PI_70_PI0070 | ||
| 999 | |c 20557 |d 20557 | ||
